000 00732nam a22002057a 4500
005 20251108164928.0
008 250721s2010 xx 000 0 ara d
082 1 4 _a928.11/قدو
100 1 _aالقدومي، معين وصفي
245 1 0 _aالجواهري (مولده -حياته _مقتطفات من اشعاره) لاميته الهاشمية في العراق (1947) و في الاردن (1992) /
264 1 _aعمان :
_bعماد الدين للنشر والتوزيع،
_c2010.
300 _a220ص.
650 1 7 _aالشعر العربي
650 1 7 _aالعصر الحديث
650 1 7 _aالعراق
650 1 7 _aالتراجم
650 1 7 _aالشعراء العرب
942 _2ddc
_cBK
999 _c17671
_d17671